BIBLIOTECA

SENCICO

Teoría y Problemas de Resistencia de Materiales (Registro nro. 810)

Detalles MARC
000 -LEADER
fixed length control field 00553nam a2200229Ia 4500
005 - DATE AND TIME OF LATEST TRANSACTION
control field 20251020182449.0
008 - FIXED-LENGTH DATA ELEMENTS--GENERAL INFORMATION
fixed length control field 200515s9999 xx 000 0 und d
020 ## - INTERNATIONAL STANDARD BOOK NUMBER
International Standard Book Number 0-07-091700-0
082 ## - DEWEY DECIMAL CLASSIFICATION NUMBER
Classification number 620.175/N26
100 ## - MAIN ENTRY--PERSONAL NAME
Personal name Nash, William A.
245 #0 - TITLE STATEMENT
Title Teoría y Problemas de Resistencia de Materiales
260 ## - PUBLICATION, DISTRIBUTION, ETC.
Place of publication, distribution, etc. México D.F.
260 ## - PUBLICATION, DISTRIBUTION, ETC.
Name of publisher, distributor, etc. McGRAW-HILL
260 ## - PUBLICATION, DISTRIBUTION, ETC.
Date of publication, distribution, etc. 1967
300 ## - PHYSICAL DESCRIPTION
Extent 299
300 ## - PHYSICAL DESCRIPTION
Other physical details graf.
490 ## - SERIES STATEMENT
Series statement COMPENDIOS SCHAUM
500 ## - GENERAL NOTE
General note 1 ejemplar
650 ## - SUBJECT ADDED ENTRY--TOPICAL TERM
Topical term or geographic name entry element RESISTENCIA DE MATERIALES
942 ## - ADDED ENTRY ELEMENTS (KOHA)
Koha item type Libros
Existencias
Fecha de la última vez que lo usaron Pago total Signatura topográfica completa Código de barras Precio efectivo desde Tipo de documento Estado perdido Estado dañado No es para préstamo Retirado Ubicación permanente Ubicación actual Fecha de adquisición
15/05/2020   620.175/N26 Bib-Lima15050810 15/05/2020 Libros         Biblioteca Central Lima Biblioteca Central Lima 15/05/2020